[Event "IX American Continental Classical Championship 201"]
[Site "Hotel Pipa AtlÃ¢ntico - Praia da Pipa - Rio Grande"]
[Date "2014.10.21"]
[Round "5"]
[Board "68"]
[White "Haskin, Zachary J"]
[Black "Bortoloso, Moacir Canella"]
[Result "1-0"]
[WhiteElo "1976"]
[BlackElo "2190"]
[PlyCount "83"]
[EventDate "2014.10.18"]
[EventRounds "11"]
[EventCountry "BRA"]

1. d4 Nf6 2. Nf3 g6 3. g3 Bg7 4. Bg2 d6 5. O-O O-O 6. b3 Nc6 7. Bb2 Nd7 8. c4
e5 9. dxe5 Ndxe5 10. Nc3 a5 11. Qd2 Bd7 12. Nxe5 dxe5 13. Rfd1 Be6 14. Qxd8
Rfxd8 15. Nb5 Rdc8 16. Bc3 a4 17. Kf1 f6 18. f4 Nd8 19. Rxd8+ Rxd8 20. Nxc7 Bf7
21. Nxa8 Rxa8 22. Rd1 axb3 23. axb3 Rb8 24. Bd5 exf4 25. gxf4 Bh6 26. e3 Bxd5
27. Rxd5 Kf7 28. Rd7+ Ke6 29. Rxh7 Bf8 30. b4 Rc8 31. Rxb7 Rxc4 32. Rb6+ Kd5
33. Bxf6 Bxb4 34. Bd4 Bd6 35. h3 Bxf4 36. Rxg6 Rc2 37. Rf6 Bc7 38. h4 Rh2 39.
Rh6 Ke4 40. h5 Kf3 41. Rf6+ Kg4 42. Rg6+ 1-0

[Event "IX American Continental Classical Championship 201"]
[Site "Hotel Pipa AtlÃ¢ntico - Praia da Pipa - Rio Grande"]
[Date "2014.10.21"]
[Round "5"]
[Board "69"]
[White "Rapouso, Ricardo Luis Borba"]
[Black "Barata, Adriano Albiani"]
[Result "0-1"]
[WhiteElo "1934"]
[BlackElo "2171"]
[PlyCount "116"]
[EventDate "2014.10.18"]
[EventRounds "11"]
[EventCountry "BRA"]

1. d4 Nf6 2. Nf3 c5 3. c4 g6 4. Nc3 cxd4 5. Nxd4 Nc6 6. e4 Bg7 7. Be3 O-O 8.
Be2 b6 9. Qd2 Bb7 10. f3 e6 11. Nc2 d5 12. cxd5 exd5 13. exd5 Ne7 14. d6 Ned5
15. Nxd5 Nxd5 16. Bd4 Qxd6 17. Bxg7 Kxg7 18. Rd1 Qe5 19. Qd4 Rfe8 20. Kf2 Rac8
21. Qxe5+ Rxe5 22. Rd2 Nf4 23. Bd1 Rd5 24. Rxd5 Bxd5 25. Nb4 Be6 26. g3 a5 27.
gxf4 axb4 28. Re1 Bxa2 29. Re4 Rc1 30. Rd4 b5 31. Ke3 Be6 32. Kd2 Rc4 33. Ke3
Rxd4 34. Kxd4 Kf6 35. Kc5 Bc4 36. Kxb4 Kf5 37. Ba4 Be2 38. Bxb5 Bxf3 39. Kc5
Kxf4 40. Bc6 Bxc6 41. Kxc6 Ke3 42. b4 f5 43. b5 f4 44. b6 f3 45. b7 f2 46. b8=Q
f1=Q 47. Qa7+ Kf3 48. Qxh7 Qc4+ 49. Kb6 Qe6+ 50. Ka5 Qd5+ 51. Kb4 Qe4+ 52. Ka3
Kg2 53. Kb3 Qd5+ 54. Kb2 Qd2+ 55. Ka1 Qa5+ 56. Kb2 Qh5 57. Qf7 Kxh2 58. Qf2+
Kh3 0-1

[Event "IX American Continental Classical Championship 201"]
[Site "Hotel Pipa AtlÃ¢ntico - Praia da Pipa - Rio Grande"]
[Date "2014.10.21"]
[Round "5"]
[Board "70"]
[White "Pinto, Carlos Henrique Lopes"]
[Black "Lopes Silva, Luiz Eduardo"]
[Result "1-0"]
[WhiteElo "2116"]
[BlackElo "2003"]
[PlyCount "61"]
[EventDate "2014.10.18"]
[EventRounds "11"]
[EventCountry "BRA"]

1. d4 Nf6 2. c4 g6 3. Nf3 Bg7 4. Bf4 d6 5. e3 O-O 6. Nc3 Nbd7 7. Be2 c6 8. O-O
Re8 9. h3 Qc7 10. Bh2 e5 11. Rc1 b6 12. b4 Bb7 13. Re1 Rad8 14. Qb3 c5 15. bxc5
bxc5 16. dxe5 Nxe5 17. Nxe5 dxe5 18. Red1 Qc6 19. Bf3 e4 20. Be2 Rd3 21. Rxd3
exd3 22. Bf3 Ne4 23. Nxe4 Rxe4 24. Qxd3 Qe6 25. Rb1 Bc6 26. Rb8+ Bf8 27. Bxe4
Bxe4 28. Qd8 Kg7 29. Qxf8+ Kf6 30. Qh8+ Kf5 31. g4+ 1-0

[Event "IX American Continental Classical Championship 201"]
[Site "Hotel Pipa AtlÃ¢ntico - Praia da Pipa - Rio Grande"]
[Date "2014.10.21"]
[Round "5"]
[Board "71"]
[White "Moyses Sobrinho, Elias"]
[Black "Araujo, Sergio Murilo"]
[Result "1-0"]
[WhiteElo "1915"]
[BlackElo "2109"]
[PlyCount "38"]
[EventDate "2014.10.18"]
[EventRounds "11"]
[EventCountry "BRA"]

1. e4 d6 2. d4 Nf6 3. Nc3 g6 4. Nf3 Bg7 5. Bg5 O-O 6. Qd2 c6 7. O-O-O b5 8. Bd3
a6 9. Bh6 Nbd7 10. Bxg7 Kxg7 11. e5 dxe5 12. Nxe5 Qc7 13. f4 c5 14. Be4 Nxe4
15. Nxe4 Nxe5 16. dxe5 Bg4 17. Rde1 Rfd8 18. Qc3 Rac8 19. h3 b4 {sÃºmula
ilegÃ­vel} 1-0

[Event "IX American Continental Classical Championship 201"]
[Site "Hotel Pipa AtlÃ¢ntico - Praia da Pipa - Rio Grande"]
[Date "2014.10.21"]
[Round "5"]
[Board "72"]
[White "De Freitas, Julio Eimard"]
[Black "Cardoso, Almir Correia"]
[Result "1-0"]
[WhiteElo "1872"]
[BlackElo "2066"]
[PlyCount "141"]
[EventDate "2014.10.18"]
[EventRounds "11"]
[EventCountry "BRA"]

1. d4 Nf6 2. c4 g6 3. Nc3 d5 4. cxd5 Nxd5 5. e4 Nxc3 6. bxc3 Bg7 7. Nf3 O-O 8.
Be3 c5 9. Rb1 cxd4 10. cxd4 Nc6 11. Be2 Bg4 12. e5 Qa5+ 13. Qd2 Qxd2+ 14. Nxd2
Bxe2 15. Kxe2 Rfd8 16. Nf3 Rd7 17. Rhd1 e6 18. Ng5 Rad8 19. Ne4 Nxd4+ 20. Bxd4
Rxd4 21. Rxd4 Rxd4 22. Nf6+ Bxf6 23. exf6 Rd7 24. Rc1 h6 25. Rc8+ Kh7 26. Re8
Rd5 27. Re7 Re5+ 28. Kf1 g5 29. Rxf7+ Kg6 30. Rxb7 a5 31. f7 Kg7 32. f8=Q+ Kxf8
33. Rh7 Rb5 34. g3 Rb2 35. a4 Ra2 36. Rxh6 Kf7 37. h4 Rxa4 38. h5 Rd4 39. Rh7+
Kf6 40. Ra7 Rd5 41. g4 Ke5 42. Ke2 Kf4 43. f3 Rb5 44. Rf7+ Kg3 45. h6 Rb2+ 46.
Ke3 Rh2 47. Rf6 e5 48. Ke4 a4 49. Kxe5 a3 50. Kf5 a2 51. Ra6 Rxh6 52. Rxa2 Rb6
53. Kxg5 Kxf3 54. Kh5 Rb1 55. g5 Rh1+ 56. Kg6 Kf4 57. Rf2+ Ke5 58. Kg7 Ke6 59.
Rf6+ Ke7 60. Rh6 Rg1 61. g6 Rg2 62. Rh1 Rg3 63. Re1+ Kd7 64. Kf7 Rf3+ 65. Kg8
Rg3 66. g7 Rg2 67. Re4 Rg1 68. Kf7 Rf1+ 69. Kg6 Rg1+ 70. Kf6 Rg2 71. Re5 1-0

[Event "IX American Continental Classical Championship 201"]
[Site "Hotel Pipa AtlÃ¢ntico - Praia da Pipa - Rio Grande"]
[Date "2014.10.21"]
[Round "5"]
[Board "73"]
[White "Rodrigues, Nei Jorge"]
[Black "De Barros E Silva, Byron Veras"]
[Result "1-0"]
[WhiteElo "2033"]
[BlackElo "1853"]
[PlyCount "157"]
[EventDate "2014.10.18"]
[EventRounds "11"]
[EventCountry "BRA"]

1. Nf3 f5 2. g3 Nf6 3. Bg2 e6 4. O-O Be7 5. b3 O-O 6. Ba3 d6 7. c4 Nbd7 8. Qc2
Rb8 9. Nc3 a6 10. Nd4 Ne5 11. f4 Ng6 12. Rae1 c5 13. Nf3 Bd7 14. d4 Qa5 15. Bb2
Ng4 16. e3 Bf6 17. d5 e5 18. h3 Nh6 19. a4 e4 20. Ng5 Ne7 21. Rd1 g6 22. g4 Bh8
23. Ngxe4 fxg4 24. Nxd6 gxh3 25. Bf3 Nef5 26. Nxf5 Nxf5 27. Rfe1 Nd6 28. Kh2
Rbe8 29. Re2 Bg7 30. Rg1 Qc7 31. Bc1 Qa5 32. Bd2 Qc7 33. Bg4 Bxg4 34. Rxg4 Nf5
35. Ne4 b6 36. Qd3 Qd7 37. Rg1 Rd8 38. Ng5 Rfe8 39. e4 Nd4 40. Rf2 Rf8 41. Nxh3
Rde8 42. e5 Qf5 43. Qxf5 Rxf5 44. b4 Bxe5 45. Re1 Bxf4+ 46. Rxf4 Rxe1 47. Bxe1
Rxf4 48. Nxf4 Nf3+ 49. Kg3 Nxe1 50. bxc5 bxc5 51. Ne6 Nd3 52. d6 Ne5 53. Nxc5
Nc6 54. Nxa6 Kf7 55. Nc5 g5 56. Ne4 h6 57. c5 Ke6 58. Nc3 h5 59. Kf3 Ne5+ 60.
Ke4 Nc4 61. Nb5 Na5 62. Nd4+ Kd7 63. Kd5 h4 64. Nf3 h3 65. Ne5+ Kd8 66. Ng4 Kd7
67. Nh2 Nc6 68. Ng4 Nb4+ 69. Kc4 Nc6 70. Kb5 Na7+ 71. Kb6 Nc8+ 72. Kb7 Nxd6+
73. cxd6 Kxd6 74. a5 Ke6 75. a6 Kf5 76. Nf2 h2 77. a7 g4 78. Nh1 Kf4 79. a8=Q
 1-0

[Event "IX American Continental Classical Championship 201"]
[Site "Hotel Pipa AtlÃ¢ntico - Praia da Pipa - Rio Grande"]
[Date "2014.10.21"]
[Round "5"]
[Board "74"]
[White "Vasconcelos, Paulo Cesar Da S."]
[Black "Chaves, Jorge Antonio Torres"]
[Result "1-0"]
[WhiteElo "1844"]
[BlackElo "2006"]
[PlyCount "89"]
[EventDate "2014.10.18"]
[EventRounds "11"]
[EventCountry "BRA"]

1. d4 Nf6 2. g3 d6 3. Bg2 Nbd7 4. c4 c6 5. Nc3 e5 6. e3 Be7 7. Nge2 O-O 8. O-O
Re8 9. b4 Qc7 10. Bd2 Bf8 11. Qb1 Nb6 12. c5 Nc4 13. Rd1 d5 14. b5 e4 15. a4
Bg4 16. Qa2 Qd7 17. Rdb1 Bf3 18. bxc6 bxc6 19. a5 Qg4 20. h3 Qf5 21. Rb7 Bxg2
22. Kxg2 Qf3+ 23. Kf1 Re6 24. Ng1 Qf5 25. Rab1 h5 26. Nce2 g5 27. Rb8 Rxb8 28.
Rxb8 Nd7 29. g4 hxg4 30. Ng3 Qg6 31. Rb7 Nf6 32. Rxa7 gxh3 33. Nxh3 Nh5 34. Nh1
Qf5 35. Ng1 Rf6 36. Bc1 Qg4 37. Qe2 Qh4 38. Kg2 Rh6 39. a6 Nf4+ 40. exf4 Qxh1+
41. Kf1 g4 42. f5 Rh4 43. Bf4 e3 44. fxe3 Qe4 45. Rb7 1-0

[Event "IX American Continental Classical Championship 201"]
[Site "Hotel Pipa AtlÃ¢ntico - Praia da Pipa - Rio Grande"]
[Date "2014.10.21"]
[Round "5"]
[Board "75"]
[White "Barreto Junior, Williem Silva"]
[Black "Leao, Flavio Sanchez"]
[Result "1-0"]
[WhiteElo "2006"]
[BlackElo "1847"]
[PlyCount "75"]
[EventDate "2014.10.18"]
[EventRounds "11"]
[EventCountry "BRA"]

1. Nf3 Nf6 2. g3 g6 3. Bg2 Bg7 4. O-O O-O 5. d3 c5 6. e4 d6 7. Nbd2 Nc6 8. c3
Qb6 9. Re1 a5 10. Nc4 Qc7 11. a4 Be6 12. Na3 Qb6 13. Nd2 Ne5 14. Qc2 Rac8 15.
h3 Qa6 16. Bf1 Qc6 17. f4 Ned7 18. Bg2 Nh5 19. Kh2 f5 20. exf5 Bd5 21. Bxd5+
Qxd5 22. Qb3 Qxb3 23. Nxb3 Rce8 24. fxg6 e5 25. gxh7+ Kxh7 26. Nxa5 exf4 27.
Bxf4 Rxe1 28. Rxe1 Nxf4 29. gxf4 Rxf4 30. Kg2 Ne5 31. Re4 Nxd3 32. Rxf4 Nxf4+
33. Kf3 Nd3 34. Nxb7 Nxb2 35. a5 Bxc3 36. a6 Na4 37. Nc4 d5 38. a7 1-0

[Event "IX American Continental Classical Championship 201"]
[Site "Hotel Pipa AtlÃ¢ntico - Praia da Pipa - Rio Grande"]
[Date "2014.10.21"]
[Round "5"]
[Board "76"]
[White "Feijo, Francisco Celio"]
[Black "Moura, Paulo Jorge Alves B."]
[Result "1-0"]
[WhiteElo "1825"]
[BlackElo "2000"]
[PlyCount "67"]
[EventDate "2014.10.18"]
[EventRounds "11"]
[EventCountry "BRA"]

1. d4 d5 2. Bf4 Nf6 3. Nf3 e6 4. e3 Nbd7 5. Nbd2 Be7 6. c3 O-O 7. Bd3 a6 8. O-O
h6 9. Ne5 Nxe5 10. Bxe5 Nd7 11. Bg3 Re8 12. Nf3 Nf8 13. Ne5 f6 14. Ng6 Nxg6 15.
Bxg6 Rf8 16. Re1 Bd6 17. Qd3 Bxg3 18. hxg3 Bd7 19. e4 c6 20. exd5 exd5 21. Re3
f5 22. f4 Qf6 23. Bh5 g6 24. Bf3 Rae8 25. Re5 Qd6 26. Rae1 Kf7 27. a3 Qc7 28.
c4 dxc4 29. Qxc4+ Kf6 30. b4 Qd6 31. Qc3 Kf7 32. d5 cxd5 33. Bxd5+ Be6 34.
Bxe6+ 1-0

[Event "IX American Continental Classical Championship 201"]
[Site "Hotel Pipa AtlÃ¢ntico - Praia da Pipa - Rio Grande"]
[Date "2014.10.21"]
[Round "5"]
[Board "77"]
[White "Moccero, Eduardo"]
[Black "Costa, Paulo Sergio"]
[Result "1-0"]
[WhiteElo "1997"]
[BlackElo "1806"]
[PlyCount "59"]
[EventDate "2014.10.18"]
[EventRounds "11"]
[EventCountry "BRA"]

1. d4 d5 2. Nf3 Nf6 3. c4 c6 4. e3 Bf5 5. Nc3 e6 6. Qb3 Qc7 7. Bd2 dxc4 8. Bxc4
Nbd7 9. Rc1 Bd6 10. Be2 a6 11. Na4 Ne4 12. Bb4 O-O 13. Bxd6 Nxd6 14. O-O Ne4
15. Rfd1 Rfd8 16. Nh4 Bg6 17. Nxg6 hxg6 18. f3 Nef6 19. Nc5 Nxc5 20. dxc5 Nd5
21. a3 Rd7 22. Rd3 Rad8 23. Rcd1 Kf8 24. Qa4 Ke7 25. Qh4+ f6 26. g3 Kf7 27. Qd4
Ke7 28. e4 Nf4 29. Qxd7+ Rxd7 30. Rxd7+ 1-0

[Event "IX American Continental Classical Championship 201"]
[Site "Hotel Pipa AtlÃ¢ntico - Praia da Pipa - Rio Grande"]
[Date "2014.10.21"]
[Round "5"]
[Board "78"]
[White "Albuquerque, Rafael Anderson"]
[Black "Silva, Carolina Alves"]
[Result "1/2-1/2"]
[WhiteElo "1981"]
[BlackElo "1791"]
[PlyCount "141"]
[EventDate "2014.10.18"]
[EventRounds "11"]
[EventCountry "BRA"]

1. e4 c5 2. Nf3 e6 3. d4 cxd4 4. Nxd4 a6 5. c4 Qc7 6. Be2 Nf6 7. Qc2 Qe5 8. Be3
Bb4+ 9. Nc3 Qxe4 10. Qb3 Bxc3+ 11. bxc3 Qe5 12. Nf3 Qd6 13. Bc1 Qc7 14. Ba3 Nc6
15. Rd1 d5 16. cxd5 Nxd5 17. c4 Qa5+ 18. Rd2 Nde7 19. O-O O-O 20. Rfd1 Re8 21.
Bd3 Ng6 22. Be4 Rd8 23. Rxd8+ Nxd8 24. Qd3 Bd7 25. Bxg6 hxg6 26. Qd6 Nc6 27. h4
Rd8 28. Qc5 Qxc5 29. Bxc5 Bc8 30. Bd6 b6 31. Rd2 Bb7 32. Bc7 Rxd2 33. Nxd2 b5
34. cxb5 axb5 35. a3 Nd4 36. Bd6 Nf5 37. Bc5 Nxh4 38. f3 Bd5 39. Kf2 f6 40. Nb1
g5 41. Nd2 Kf7 42. g3 Ng6 43. Bd6 Ne7 44. Nf1 Nc6 45. Ke3 Na5 46. Bc5 g6 47.
Bb4 Nc4+ 48. Kf2 Nb2 49. Ba5 Ke8 50. Nd2 Kd7 51. Nb1 e5 52. Nc3 Bc4 53. Ne4 f5
54. Nxg5 Bg8 55. Kf1 Kc6 56. Bc3 Nc4 57. Bb4 Kd5 58. Ke2 Kd4 59. Nh3 Ne3 60.
Bd6 Bc4+ 61. Ke1 Bb3 62. Kf2 Nc4 63. Bb4 Nb2 64. Bd6 Nc4 65. Bb4 Kd3 66. Ng1
Bd1 67. Ke1 Kc2 68. Bc5 e4 69. fxe4 fxe4 70. Nh3 Bf3 71. Nf4 1/2-1/2

[Event "IX American Continental Classical Championship 201"]
[Site "Hotel Pipa AtlÃ¢ntico - Praia da Pipa - Rio Grande"]
[Date "2014.10.21"]
[Round "5"]
[Board "79"]
[White "Besso, Guadalupe"]
[Black "Ribeiro, Jose Joselito"]
[Result "0-1"]
[WhiteElo "1947"]
[BlackElo "1733"]
[PlyCount "74"]
[EventDate "2014.10.18"]
[EventRounds "11"]
[EventCountry "BRA"]

1. d4 Nf6 2. c4 g6 3. Nc3 d5 4. cxd5 Nxd5 5. e4 Nxc3 6. bxc3 c5 7. Bc4 Bg7 8.
Ne2 Nc6 9. Be3 O-O 10. Rc1 cxd4 11. cxd4 e6 12. h4 h5 13. Kf1 Na5 14. Bd3 b6
15. g4 hxg4 16. h5 g3 17. h6 Bf6 18. fxg3 Bb7 19. Rh3 Nc6 20. Bb5 Rc8 21. h7+
Kh8 22. Bh6 Bg7 23. Bxg7+ Kxg7 24. Kg1 Nxd4 25. h8=Q+ Rxh8 26. Rxh8 Nxe2+ 27.
Bxe2 Qxd1+ 28. Rxd1 Rxh8 29. Bf3 e5 30. Rd7 Rb8 31. Kf2 a6 32. Ke3 b5 33. Bd1
Bc6 34. Rc7 Be8 35. Bb3 a5 36. Bd5 b4 37. Ra7 a4 0-1

[Event "IX American Continental Classical Championship 201"]
[Site "Hotel Pipa AtlÃ¢ntico - Praia da Pipa - Rio Grande"]
[Date "2014.10.21"]
[Round "5"]
[Board "80"]
[White "Ribeiro , Allysson"]
[Black "Dantas, Rhuan De Araujo"]
[Result "0-1"]
[WhiteElo "1926"]
[BlackElo "1719"]
[PlyCount "100"]
[EventDate "2014.10.18"]
[EventRounds "11"]
[EventCountry "BRA"]

1. d4 Nf6 2. c4 e6 3. Nf3 d5 4. e3 c5 5. Nc3 Nc6 6. cxd5 exd5 7. Be2 b6 8. O-O
Be7 9. Bb5 Bb7 10. Ne5 Rc8 11. Qa4 Qc7 12. Qxa7 O-O 13. Bxc6 Bxc6 14. Nxc6 Qxc6
15. dxc5 Bxc5 16. Qa6 Ra8 17. Qd3 Rfd8 18. Ne2 Ne4 19. a3 Qf6 20. Rb1 Bd6 21.
f4 Nc5 22. Qd1 Qf5 23. Bd2 Re8 24. Ng3 Qd3 25. b4 Ne4 26. Nxe4 Qxe4 27. Rb3
Rac8 28. Qb1 Rc2 29. Qd1 Rec8 30. Qe2 Qe6 31. Qd3 d4 32. exd4 Rxd2 33. Qxd2
Qxb3 34. Rf3 Qb1+ 35. Rf1 Qc2 36. Qe3 Qc3 37. Qe4 Qxa3 38. f5 Qxb4 39. f6 g6
40. Qd5 Bf8 41. Qd7 Qc4 42. h3 Qc7 43. Qg4 h5 44. Qe4 Qd6 45. Rd1 Qxf6 46. d5
Bc5+ 47. Kh1 Qe7 48. Qc4 Re8 49. g3 Qe4+ 50. Qxe4 Rxe4 0-1

[Event "IX American Continental Classical Championship 201"]
[Site "Hotel Pipa AtlÃ¢ntico - Praia da Pipa - Rio Grande"]
[Date "2014.10.21"]
[Round "5"]
[Board "81"]
[White "Felix, Dieggo Guerra"]
[Black "Fragoso, Evander Correa"]
[Result "1/2-1/2"]
[WhiteElo "1656"]
[BlackElo "1913"]
[PlyCount "74"]
[EventDate "2014.10.18"]
[EventRounds "11"]
[EventCountry "BRA"]

1. e4 e6 2. d4 d5 3. Nd2 Nf6 4. e5 Ne4 5. Nxe4 dxe4 6. Qg4 Qxd4 7. c3 Qxe5 8.
Bf4 Qf5 9. Qxf5 exf5 10. Bxc7 Be7 11. O-O-O O-O 12. Bb5 a6 13. Bc4 Nc6 14. Bd5
Bd8 15. Bxd8 Rxd8 16. Bxc6 Rxd1+ 17. Kxd1 bxc6 18. Ne2 a5 19. Nd4 c5 20. Nb3
Rb8 21. Kc2 Be6 22. Nxc5 Bxa2 23. b3 Rb5 24. Rd1 g5 25. Rd5 a4 26. bxa4 Bb3+
27. Kc1 Bxa4 28. c4 Rb4 29. Rxf5 Rxc4+ 30. Kd2 h6 31. Nxa4 Rxa4 32. Ke3 Kg7 33.
Re5 Ra3+ 34. Kxe4 Ra4+ 35. Ke3 Ra3+ 36. Ke4 Ra4+ 37. Ke3 Ra3+ 1/2-1/2

[Event "IX American Continental Classical Championship 201"]
[Site "Hotel Pipa AtlÃ¢ntico - Praia da Pipa - Rio Grande"]
[Date "2014.10.21"]
[Round "5"]
[Board "82"]
[White "Carneiro, Jose Gildivan"]
[Black "Camara, Jose Arruda"]
[Result "0-1"]
[WhiteElo "1636"]
[BlackElo "1905"]
[PlyCount "106"]
[EventDate "2014.10.18"]
[EventRounds "11"]
[EventCountry "BRA"]

1. d4 e6 2. Nf3 d5 3. Bf4 c5 4. e3 Qb6 5. b3 Nf6 6. h3 Bd6 7. Bxd6 Qxd6 8. Nbd2
O-O 9. c3 b6 10. Be2 Bb7 11. O-O Nbd7 12. Qc2 Rac8 13. Rfe1 cxd4 14. Nxd4 Ne5
15. N4f3 Rfd8 16. Rad1 Nxf3+ 17. Bxf3 Qe7 18. Qb2 e5 19. c4 e4 20. Be2 h6 21.
Nb1 dxc4 22. Bxc4 a6 23. Rd4 b5 24. Be2 Rxd4 25. exd4 Qb4 26. Rd1 Bd5 27. Nd2
Qc3 28. Qxc3 Rxc3 29. Nb1 Rc2 30. Rd2 Rc6 31. f3 exf3 32. Bxf3 Bxf3 33. gxf3
Rc1+ 34. Kf2 Rxb1 35. d5 Kf8 36. Ke3 Rc1 37. Kd4 Ke7 38. Ke5 Re1+ 39. Kd4 Kd6
40. Rc2 Rd1+ 41. Ke3 Rxd5 42. b4 Rd1 43. Rc8 Ra1 44. Rd8+ Ke7 45. Rd2 Rb1 46.
a3 Rb3+ 47. Rd3 Rxd3+ 48. Kxd3 Kd6 49. Kd4 Nd5 50. Kd3 Nf4+ 51. Ke4 Nxh3 52. f4
Nxf4 53. Kxf4 Kd5 0-1

[Event "IX American Continental Classical Championship 201"]
[Site "Hotel Pipa AtlÃ¢ntico - Praia da Pipa - Rio Grande"]
[Date "2014.10.21"]
[Round "5"]
[Board "83"]
[White "Lima, Alan Silva De"]
[Black "Presa, Luis Alberto Passos"]
[Result "1-0"]
[WhiteElo "1904"]
[BlackElo "1701"]
[PlyCount "67"]
[EventDate "2014.10.18"]
[EventRounds "11"]
[EventCountry "BRA"]

1. c4 c5 2. g3 Nf6 3. Bg2 d6 4. b3 g6 5. Bb2 Bg7 6. Nf3 Nc6 7. O-O O-O 8. Qc2
Bf5 9. d3 Nb4 10. Qd2 Qd7 11. Rd1 Nc6 12. Nc3 Bg4 13. Rab1 Rad8 14. Nd5 Be6 15.
Nc3 Bh3 16. Bh1 Rfe8 17. Ne4 Nxe4 18. dxe4 e5 19. Qc3 Nd4 20. Rd2 f5 21. e3
fxe4 22. Ng5 Nf3+ 23. Nxf3 exf3 24. Bxf3 Qf7 25. Bd5 Be6 26. Rbd1 b6 27. e4 Bh6
28. Rd3 Rf8 29. Qe1 Bxd5 30. Rxd5 Qf6 31. Qe2 Kg7 32. Kg2 Qe7 33. Qd3 Rf6 34.
Bxe5 1-0

[Event "IX American Continental Classical Championship 201"]
[Site "Hotel Pipa AtlÃ¢ntico - Praia da Pipa - Rio Grande"]
[Date "2014.10.21"]
[Round "5"]
[Board "84"]
[White "Schucman, Rebeca Lot"]
[Black "Gomes, Carlos Henrique Caldeir"]
[Result "1-0"]
[WhiteElo "1619"]
[BlackElo "1888"]
[PlyCount "90"]
[EventDate "2014.10.18"]
[EventRounds "11"]
[EventCountry "BRA"]

1. d4 d5 2. c4 c6 3. cxd5 cxd5 4. Nc3 Nf6 5. Nf3 Nc6 6. Bf4 e6 7. e3 Be7 8. Nb5
Bb4+ 9. Nd2 e5 10. Bxe5 Nxe5 11. dxe5 Ne4 12. Nd6+ Nxd6 13. Qa4+ Bd7 14. Qxb4
Nf5 15. Qxb7 Rb8 16. Qxd5 Rxb2 17. Bc4 O-O 18. O-O Bc6 19. Qxd8 Rxd8 20. Nf3
Bxf3 21. gxf3 Nxe3 22. fxe3 Rdd2 23. Rfd1 Rg2+ 24. Kf1 g6 25. f4 Rxh2 26. Kg1
Rbg2+ 27. Kf1 Rf2+ 28. Kg1 Rfg2+ 29. Kf1 Rf2+ 30. Ke1 Rc2 31. Bf1 Rc3 32. Rd3
Rcc2 33. a4 a5 34. Rad1 Ra2 35. R3d2 Rhxd2 36. Rxd2 Rxa4 37. Rd5 h5 38. Kf2 Kf8
39. Bh3 Ra2+ 40. Kf3 h4 41. e6 fxe6 42. Bxe6 Ke7 43. Bg8 Ra1 44. Bh7 a4 45. Ke4
a3 1-0

[Event "IX American Continental Classical Championship 201"]
[Site "Hotel Pipa AtlÃ¢ntico - Praia da Pipa - Rio Grande"]
[Date "2014.10.21"]
[Round "5"]
[Board "85"]
[White "Carneiro, Francisco Caninde Sa"]
[Black "Farias, Sergio Luiz Cardoso"]
[Result "1-0"]
[WhiteElo "1887"]
[BlackElo "1575"]
[PlyCount "121"]
[EventDate "2014.10.18"]
[EventRounds "11"]
[EventCountry "BRA"]

1. e4 d5 2. exd5 Qxd5 3. Nc3 Qa5 4. Nf3 Nf6 5. Bc4 c6 6. d4 Bg4 7. h3 Bh5 8.
Bf4 Ne4 9. Qd3 Nxc3 10. bxc3 Nd7 11. O-O e6 12. Rfe1 Be7 13. Ne5 Qd8 14. Rab1
Nxe5 15. Bxe5 Bg6 16. Qe2 O-O 17. Rxb7 Bd6 18. f4 Bf5 19. Qf3 Bxe5 20. fxe5 c5
21. Qf2 Qc8 22. Ba6 Qc6 23. Qe2 Rfc8 24. Rb2 Rc7 25. Reb1 h6 26. Bb7 Rxb7 27.
Rxb7 cxd4 28. cxd4 Qa4 29. Rb8+ Rxb8 30. Rxb8+ Kh7 31. c3 Qa3 32. Qb2 Qa5 33.
a3 Kg6 34. Rb5 Qa6 35. c4 Be4 36. c5 Bd5 37. Qb1+ f5 38. exf6+ Kxf6 39. Qb2 Qa4
40. Qf2+ Kg6 41. Qg3+ Kh7 42. Rb4 Qd1+ 43. Kh2 Qd2 44. Ra4 a5 45. c6 Bxc6 46.
Rc4 Bd5 47. Rc3 Kh8 48. Rd3 Qc2 49. Qb8+ Kh7 50. Rg3 Qf2 51. Qe5 Qf7 52. Rc3
Qg6 53. Rg3 Qf7 54. Qe1 Qa7 55. Qb1+ Kh8 56. Qd3 Qf7 57. Qc3 a4 58. Qe3 Qf6 59.
Qe5 Qf7 60. h4 Kh7 61. h5 1-0

[Event "IX American Continental Classical Championship 201"]
[Site "Hotel Pipa AtlÃ¢ntico - Praia da Pipa - Rio Grande"]
[Date "2014.10.21"]
[Round "5"]
[Board "86"]
[White "Do Nascimento, Denner Leonardo"]
[Black "Lunelli, Neuri Antonio"]
[Result "0-1"]
[WhiteElo "1555"]
[BlackElo "1887"]
[PlyCount "60"]
[EventDate "2014.10.18"]
[EventRounds "11"]
[EventCountry "BRA"]

1. d4 Nf6 2. c4 d6 3. Nc3 e5 4. dxe5 dxe5 5. Qxd8+ Kxd8 6. g3 c6 7. Bg2 Be6 8.
b3 Nbd7 9. Ne4 Nxe4 10. Bxe4 f5 11. Bg2 Kc7 12. Bd2 Be7 13. e4 Bf6 14. Rd1 a5
15. Ne2 a4 16. Nc1 Rhe8 17. O-O g5 18. exf5 Bxf5 19. Bc3 g4 20. f3 h5 21. Rfe1
Bg5 22. Nd3 gxf3 23. Bxe5+ Nxe5 24. Rxe5 Rxe5 25. Nxe5 fxg2 26. Kxg2 axb3 27.
axb3 Ra2+ 28. Kg1 Be3+ 29. Kf1 Bh3+ 30. Ke1 Bf2# 0-1

[Event "IX American Continental Classical Championship 201"]
[Site "Hotel Pipa AtlÃ¢ntico - Praia da Pipa - Rio Grande"]
[Date "2014.10.21"]
[Round "5"]
[Board "93"]
[White "Dantas, Isaac Pereira"]
[Black "Pereira Fo, Hildebrando Apolon"]
[Result "1/2-1/2"]
[WhiteElo "1633"]
[BlackElo "1803"]
[PlyCount "46"]
[EventDate "2014.10.18"]
[EventRounds "11"]
[EventCountry "BRA"]

1. d4 e6 2. c4 Nf6 3. Nc3 Be7 4. Nf3 b6 5. Bg5 Bb7 6. e3 Ne4 7. Bxe7 Qxe7 8.
Nxe4 Bxe4 9. Be2 O-O 10. O-O h6 11. Nd2 Bb7 12. Bf3 c6 13. a3 d5 14. Rc1 Ba6
15. Re1 Nd7 16. Qa4 Bb7 17. cxd5 exd5 18. e4 b5 19. Qb3 Qg5 20. Nf1 Nb6 21. Ng3
Nc4 22. Qc2 Rac8 23. Rcd1 Rfe8 1/2-1/2

[Event "IX American Continental Classical Championship 201"]
[Site "Hotel Pipa AtlÃ¢ntico - Praia da Pipa - Rio Grande"]
[Date "2014.10.21"]
[Round "5"]
[Board "94"]
[White "Da Silva, Antonio Dutra"]
[Black "Scardini, Leonardo"]
[Result "1-0"]
[WhiteElo "1747"]
[BlackElo "1522"]
[PlyCount "85"]
[EventDate "2014.10.18"]
[EventRounds "11"]
[EventCountry "BRA"]

1. c4 e5 2. Nc3 Nf6 3. Nf3 b6 4. Nxe5 d6 5. Qa4+ Nbd7 6. Nc6 Nc5 7. Nxd8+ Nxa4
8. Nxf7 Kxf7 9. Nxa4 Be7 10. d3 Re8 11. g3 Bb7 12. e4 Nd7 13. Be3 Ne5 14. Be2
Kg8 15. O-O Bf6 16. f3 Nc6 17. Rad1 Bd4 18. Bxd4 Nxd4 19. Rf2 Rf8 20. Rdf1 c6
21. Bd1 b5 22. cxb5 cxb5 23. Nc3 Rac8 24. Ne2 Nc2 25. Bxc2 Rxc2 26. Nd4 Rxf2
27. Kxf2 a6 28. Rc1 Rc8 29. Rxc8+ Bxc8 30. f4 Kf7 31. f5 Kf6 32. h4 Bd7 33. Ke3
Ke5 34. g4 g6 35. Nf3+ Kf6 36. g5+ Kf7 37. Kf4 a5 38. Nd4 b4 39. f6 Ba4 40. e5
dxe5+ 41. Kxe5 Bd7 42. Kd6 Ke8 43. f7+ 1-0

[Event "IX American Continental Classical Championship 201"]
[Site "Hotel Pipa AtlÃ¢ntico - Praia da Pipa - Rio Grande"]
[Date "2014.10.21"]
[Round "5"]
[Board "95"]
[White "Sousa, Virginio Aleixo Da Silv"]
[Black "Feitosa, Jocelenilson Nunes"]
[Result "0-1"]
[WhiteElo "1499"]
[BlackElo "1731"]
[PlyCount "38"]
[EventDate "2014.10.18"]
[EventRounds "11"]
[EventCountry "BRA"]

1. d4 Nf6 2. c4 e6 3. Nf3 b6 4. e3 Bb7 5. Be2 c5 6. O-O d5 7. cxd5 Nxd5 8. Nbd2
Be7 9. dxc5 Bxc5 10. Nb3 Bd6 11. Nbd4 O-O 12. Bd2 Nd7 13. Rc1 Nc5 14. Be1 Qe7
15. Bc4 Nf6 16. b4 Bxf3 17. Qxf3 Nce4 18. a3 Rac8 19. Bb3 Rxc1 0-1